LDR 01048naa#a2200193#i#450# 001 RU\\bibl\19749 005 20260603010348.3 100 ## _a20260601b2026####ek#y0rusy0150####ca 102 ## _aRU 200 1# _aОЗЕЛЕНЕНИЕ ГОРОДСКИХ ПРОСТРАНСТВ: АНАЛИЗ, СОСТОЯНИЕ И ПЕРСПЕКТИВЫ РАЗВИТИЯ _eСтатья/тезисы конференции 210 1# _aВоронеж _cВоронежский государственный лесотехнический университет имени Г.Ф. Морозова _d2026 215 ## _a7 с. 608 ## _aСтатья/тезисы конференции _2local 675 ## _aпромышленных, горно-промышленных земель и т. п.. 631.618 _z 700 #1 _aАлиева _gЕлена Сергеевна 700 #1 _aМалинина _gТатьяна Анатольевна 700 #1 _aМануковская _gАлина Владимировна 700 #1 _aДеденко _gТатьяна Петровна 856 4# _abibl.vgltu.ru _u